What stations were part of Tramlink? - Statistics

General Stats
  • This quiz has been taken 22 times
  • The average score is 6 of 9
Answer Stats
Fate Other Operators Station % Correct
In use prior to cancellation of Tramlink Waterline Greenslade
94%
Demolished No Berrily Denton Road
82%
Abandoned No Robinson Way
76%
In use prior to cancellation of Tramlink Waterline Whitney Green
76%
Demolished Waterline, Express, Connect Benton
71%
Demolished No West Berrily
59%
Demolished Airlink, Express Stepford Central
41%
Demolished No Hallam Square
29%
Demolished Connect Whitefield Lido
24%
No matching quizzes found
Score Distribution
Percent of People with Each Score
Percentile by Number Answered
Your Score History
You have not taken this quiz